000 01418cam a2200325 i 4500
001 18568398
003 LC
005 20170113164137.0
008 150408s2015 paua d 000 1 eng
010 _a 2013498083
020 _a9781594747175
040 _aDLC
_cDLC
_erda
042 _alcac
_apcc
050 0 0 _aPZ 7.R4423
_bHol 2015
082 0 0 _a[Fic]
100 1 _aRiggs, Ransom,
_eauthor.
245 1 0 _aHollow city /
_cby Ransom Riggs.
250 _aFirst paperback edition.
300 _a428 pages :
_billustrations ;
_c22 cm.
490 1 _aThe 2nd novel of Miss Peregrine's Peculiar Children
520 _a"Having escaped Miss Peregrine's island by the skin of their teeth, Jacob and his new friends, who possess supernatural abilities, must journey to London (circa 1940), the 'peculiar' capital of the world. There they hope to find a cure for their beloved headmistress, Miss Peregrine. But in this war-torn city, hideous surprises lurk around every corner"--
650 1 _aSupernatural
_vFiction.
650 1 _aTime travel
_vFiction.
651 1 _aLondon (England)
_xHistory
_yBombardment, 1940-1945
_vFiction.
651 1 _aGreat Britain
_xHistory
_yGeorge VI, 1936-1952
_vFiction.
800 1 _aRiggs, Ransom.
_tNovel of Miss Peregrine's Peculiar Children ;
_v2nd.
906 _a7
_bcbc
_corignew
_d2
_encip
_f20
_gy-gencatlg
942 _2lcc
_cBK
999 _c305387
_d305387